[Event "Montevideo Trebejos op 06"]
[Site "Montevideo"]
[Date "2019.06.28"]
[Round "4"]
[White "Guidali, Leonardo"]
[Black "Saralegui Cassan, Mario"]
[Result "0-1"]
[WhiteElo "1590"]
[BlackElo "2071"]
[PlyCount "36"]
[EventDate "2019.06.19"]
[EventType "swiss"]
[EventRounds "7"]
[EventCountry "URU"]
[SourceTitle "EXT 2020"]
[Source "ChessBase"]
[SourceDate "2019.10.17"]
[SourceVersion "1"]
[SourceVersionDate "2019.10.17"]
[SourceQuality "1"]

1. e4 e5 2. Nf3 Nc6 3. Nc3 Nf6 4. d4 exd4 5. Nxd4 Bb4 6. Nxc6 bxc6 7. Bd3 d5 8. exd5 cxd5 9. 0-0 0-0 10. Bg5 c6 11. Qf3 Be7 12. Rfe1 Re8 13. h3 h6 14. Bh4 Bd7 15. Re5 Be6 16. Rae1 Nd7 17. Rxe6 fxe6 18. Bg6 Bxh4 0-1

[Event "Montevideo Autumn op 2nd"]
[Site "Montevideo"]
[Date "2019.05.17"]
[Round "7"]
[White "Kulik, Nicolas"]
[Black "Guidali, Leonardo"]
[Result "0-1"]
[WhiteElo "1526"]
[BlackElo "1579"]
[PlyCount "110"]
[EventDate "2019.05.03"]
[EventType "swiss"]
[EventRounds "7"]
[EventCountry "URU"]
[SourceTitle "EXT 2020"]
[Source "ChessBase"]
[SourceDate "2019.10.17"]
[SourceVersion "1"]
[SourceVersionDate "2019.10.17"]
[SourceQuality "1"]

1. d4 d5 2. c4 c6 3. Nc3 e6 4. Nf3 Nf6 5. Bf4 dxc4 6. e4 b5 7. Qc2 Bb7 8. a3 Be7 9. b3 cxb3 10. Qxb3 0-0 11. Be2 a6 12. Qc2 Nbd7 13. 0-0 Rc8 14. a4 b4 15. Na2 c5 16. e5 cxd4 17. Qd2 Nd5 18. Qxd4 Bc5 19. Qd2 Nxf4 20. Qxf4 a5 21. Nc1 Qc7 22. Bb5 Bxf3 23. Bxd7 Qxd7 24. Qxf3 Qd5 25. Qxd5 exd5 26. Rd1 Rfd8 27. Nb3 Bb6 28. Rac1 Rc3 29. Rxc3 bxc3 30. Na1 d4 31. Rd3 Rc8 32. Nc2 Rc4 33. Kf1 Rxa4 34. Ke2 Kf8 35. Rg3 g6 36. f4 Ke7 37. Kd3 Ke6 38. Rh3 h5 39. Rh4 Kf5 40. h3 Bd8 41. g4+ Kxf4 42. gxh5+ Bxh4 43. Ne1 gxh5 44. e6 fxe6 45. Ng2+ Kg3 46. Ne1 e5 47. Nc2 Ra2 48. Ke2 Rxc2+ 49. Kd3 Rd2+ 50. Ke4 c2 51. Kf5 c1Q 52. Kg6 Rf2 53. Kh7 Qg5 54. Kh8 Qh6+ 55. Kg8 Rf8# 0-1

[Event "Montevideo Cao Memorial"]
[Site "Montevideo"]
[Date "2018.11.21"]
[Round "7"]
[White "Guidali, Leonardo"]
[Black "Rodriguez Farias, Victor Hugo"]
[Result "1/2-1/2"]
[WhiteElo "1601"]
[BlackElo "1852"]
[PlyCount "106"]
[EventDate "2018.11.07"]
[EventType "swiss"]
[EventRounds "7"]
[EventCountry "URU"]
[SourceTitle "CBM 187 Extra"]
[Source "ChessBase"]
[SourceDate "2018.11.04"]
[SourceVersion "1"]
[SourceVersionDate "2018.11.04"]
[SourceQuality "1"]

1. e4 e6 2. d4 d5 3. Nd2 Nf6 4. Bd3 c5 5. c3 Nc6 6. Ne2 cxd4 7. Nxd4 Bc5 8. exd5 Qxd5 9. N2f3 0-0 10. 0-0 e5 11. Nxc6 bxc6 12. Bc2 Re8 13. Bb3 Qxd1 14. Rxd1 Bg4 15. h3 Bh5 16. g4 Bg6 17. Be3 Bxe3 18. fxe3 h6 19. Rd6 Be4 20. Nd2 Bd5 21. Ba4 Red8 22. Rxd8+ Rxd8 23. Rd1 Rb8 24. b3 Rd8 25. Nc4 Ne4 26. Bxc6 Nxc3 27. Rd3 e4 28. Rxc3 Bxc6 29. Ne5 Be8 30. Rc2 f6 31. Nc4 h5 32. Rd2 Rd3 33. Kf2 hxg4 34. hxg4 Bd7 35. Kg3 g5 36. Rxd3 exd3 37. e4 Kf8 38. Kf3 Ke7 39. Ne3 Kd6 40. Nc4+ Kc5 41. e5 f5 42. gxf5 Bxf5 43. Ne3 Be6 44. Ke4 Kb4 45. Kxd3 Ka3 46. Nc2+ Kxa2 47. Nd4 Bd5 48. b4 g4 49. Ke3 g3 50. e6 Ka3 51. e7 Bf7 52. Kf3 g2 53. Kxg2 Kxb4 1/2-1/2

[Event "Montevideo Cao Memorial"]
[Site "Montevideo"]
[Date "2018.11.16"]
[Round "5"]
[White "Souto, Andres"]
[Black "Guidali, Leonardo"]
[Result "0-1"]
[WhiteElo "1317"]
[BlackElo "1601"]
[PlyCount "67"]
[EventDate "2018.11.07"]
[EventType "swiss"]
[EventRounds "7"]
[EventCountry "URU"]
[SourceTitle "CBM 187 Extra"]
[Source "ChessBase"]
[SourceDate "2018.11.04"]
[SourceVersion "1"]
[SourceVersionDate "2018.11.04"]
[SourceQuality "1"]

1. e4 e5 2. Nf3 Nc6 3. Bc4 Bc5 4. d3 Nf6 5. 0-0 d6 6. Re1 Be6 7. Nbd2 Qd7 8. Ng5 Bxc4 9. Nxc4 Ng4 10. Be3 Nxe3 11. Nxe3 f6 12. Nh3 0-0-0 13. Kh1 h5 14. f4 Bxe3 15. Rxe3 Qg4 16. c3 exf4 17. Qxg4+ hxg4 18. Nxf4 g5 19. Nd5 Rh6 20. Rf1 Rdh8 21. Kg1 Rxh2 22. Nxf6 Rh1+ 23. Kf2 Rxf1+ 24. Kxf1 Rf8 25. Ke2 Rxf6 26. Rg3 Rf4 27. b3 Kd7 28. b4 Ke6 29. Re3 Ne5 30. g3 Rf3 31. a4 a6 32. d4 Rxe3+ 33. Kxe3 Nc4+ 34. Kd3 0-1

[Event "Montevideo Trebejos op 09"]
[Site "Montevideo"]
[Date "2018.09.17"]
[Round "6"]
[White "Olivera, Omar"]
[Black "Guidali, Leonardo"]
[Result "0-1"]
[WhiteElo "1109"]
[BlackElo "1621"]
[PlyCount "38"]
[EventDate "2018.09.05"]
[EventType "swiss"]
[EventRounds "7"]
[EventCountry "URU"]
[SourceTitle "CBM 186 Extra"]
[Source "ChessBase"]
[SourceDate "2018.08.24"]
[SourceVersion "1"]
[SourceVersionDate "2018.08.24"]
[SourceQuality "1"]

1. d4 d5 2. Bf4 e6 3. e3 Bd6 4. Bg3 Nf6 5. Nf3 0-0 6. Nbd2 b6 7. Bd3 Bb7 8. Bh4 Nbd7 9. Bg3 Ne4 10. Ne5 Nxg3 11. hxg3 h6 12. f4 Bxe5 13. fxe5 Qg5 14. Qf3 f5 15. Qf4 Qxf4 16. exf4 c5 17. c3 Rac8 18. Rc1 cxd4 19. cxd4 Rxc1+ 0-1

[Event "Montevideo Trebejos op 07"]
[Site "Montevideo"]
[Date "2018.07.27"]
[Round "7"]
[White "Guidali, Leonardo"]
[Black "Fernandez Rodriguez, Antonio"]
[Result "0-1"]
[WhiteElo "1627"]
[BlackElo "1813"]
[PlyCount "50"]
[EventDate "2018.07.11"]
[EventType "swiss"]
[EventRounds "7"]
[EventCountry "URU"]
[SourceTitle "EXT 2019"]
[Source "ChessBase"]
[SourceDate "2018.10.10"]
[SourceVersion "1"]
[SourceVersionDate "2018.10.10"]
[SourceQuality "1"]

1. e4 e6 2. d4 d5 3. Nd2 Nf6 4. e5 Nfd7 5. Bd3 c5 6. c3 Nc6 7. Ne2 Qb6 8. Nf3 cxd4 9. cxd4 Bb4+ 10. Bd2 f6 11. exf6 Nxf6 12. 0-0 0-0 13. a3 Bd6 14. Bc3 Bd7 15. Ne5 Bxe5 16. dxe5 Ng4 17. Nd4 Ncxe5 18. Bc2 Qc7 19. h3 Nf6 20. Re1 Rae8 21. Nxe6 Rxe6 22. Bf5 Ree8 23. Bxd7 Nexd7 24. Rc1 Rxe1+ 25. Qxe1 Qb6 0-1

[Event "Montevideo Trebejos op 07"]
[Site "Montevideo"]
[Date "2018.07.23"]
[Round "5"]
[White "Zaruski, Julio"]
[Black "Guidali, Leonardo"]
[Result "1-0"]
[WhiteElo "1862"]
[BlackElo "1627"]
[PlyCount "57"]
[EventDate "2018.07.11"]
[EventType "swiss"]
[EventRounds "7"]
[EventCountry "URU"]
[SourceTitle "EXT 2019"]
[Source "ChessBase"]
[SourceDate "2018.10.10"]
[SourceVersion "1"]
[SourceVersionDate "2018.10.10"]
[SourceQuality "1"]

1. d4 d5 2. Bf4 e6 3. e3 Nf6 4. c3 Bd6 5. Bg5 Nbd7 6. Nd2 h6 7. Bh4 0-0 8. Ngf3 Qe8 9. Be2 b6 10. 0-0 Bb7 11. Qa4 c6 12. Bg3 Bxg3 13. hxg3 Ne4 14. Ba6 Bxa6 15. Qxa6 f5 16. Qe2 Ndf6 17. Nh2 Nh5 18. Nhf3 Nhxg3 19. fxg3 Nxg3 20. Qf2 Nxf1 21. Rxf1 c5 22. Ne5 Rf6 23. Qg3 c4 24. Ndf3 Rc8 25. Nh4 g5 26. Ng4 fxg4 27. Rxf6 gxh4 28. Qxh4 h5 29. Qg5+ 1-0

[Event "URU-chTB"]
[Site "Montevideo"]
[Date "2018.07.08"]
[Round "4.42"]
[White "Guidali, Leonardo"]
[Black "Esteves, Gaston"]
[Result "1/2-1/2"]
[WhiteElo "1627"]
[BlackElo "1745"]
[PlyCount "55"]
[EventDate "2018.07.06"]
[EventType "team-swiss"]
[EventRounds "5"]
[EventCountry "URU"]
[SourceTitle "EXT 2019"]
[Source "ChessBase"]
[SourceDate "2018.10.10"]
[SourceVersion "1"]
[SourceVersionDate "2018.10.10"]
[SourceQuality "1"]
[WhiteTeam "Trebejos III"]
[BlackTeam "Urreta"]
[WhiteTeamCountry "URU"]
[BlackTeamCountry "URU"]

1. e4 c5 2. Nf3 e6 3. Nc3 a6 4. d4 cxd4 5. Nxd4 Qc7 6. Be2 Nf6 7. 0-0 Be7 8. Be3 0-0 9. f4 d6 10. Qe1 Nbd7 11. Rd1 Nc5 12. e5 Nfd7 13. Qg3 dxe5 14. fxe5 Nxe5 15. Bh6 g6 16. Bxf8 Bxf8 17. Qf2 Bg7 18. Nf3 Ng4 19. Qh4 Nf6 20. Nd2 Nd5 21. Nxd5 exd5 22. c3 Be6 23. Nf3 Qb6 24. Qb4 Qxb4 25. cxb4 Na4 26. b3 Nc3 27. Rd2 Rd8 28. Bd3 1/2-1/2

[Event "URU-chTB"]
[Site "Montevideo"]
[Date "2018.07.06"]
[Round "1.23"]
[White "Guidali, Leonardo"]
[Black "Moreno, Nelson"]
[Result "1/2-1/2"]
[WhiteElo "1627"]
[BlackElo "1668"]
[PlyCount "45"]
[EventDate "2018.07.06"]
[EventType "team-swiss"]
[EventRounds "5"]
[EventCountry "URU"]
[SourceTitle "EXT 2019"]
[Source "ChessBase"]
[SourceDate "2018.10.10"]
[SourceVersion "1"]
[SourceVersionDate "2018.10.10"]
[SourceQuality "1"]
[WhiteTeam "Trebejos III"]
[BlackTeam "Banco Republica II"]
[WhiteTeamCountry "URU"]
[BlackTeamCountry "URU"]

1. e4 e5 2. Nf3 Nc6 3. Nc3 Nf6 4. d4 exd4 5. Nxd4 Bb4 6. Nxc6 bxc6 7. Bd3 d5 8. exd5 cxd5 9. 0-0 0-0 10. Bg5 Be7 11. Re1 h6 12. Bh4 c6 13. Ne2 Ng4 14. Bg3 Bh4 15. h3 Bxg3 16. Nxg3 Nf6 17. Qd2 Qb6 18. b3 Be6 19. Nf5 Bxf5 20. Bxf5 Rfe8 21. Rxe8+ Rxe8 22. Re1 Rxe1+ 23. Qxe1 1/2-1/2

[Event "Montevideo Noches de Misterio op"]
[Site "Montevideo"]
[Date "2018.05.16"]
[Round "5"]
[White "Guidali, Leonardo"]
[Black "Ortiz, Soledad"]
[Result "1-0"]
[WhiteElo "1618"]
[BlackElo "1774"]
[PlyCount "53"]
[EventDate "2018.04.18"]
[EventType "swiss"]
[EventRounds "6"]
[EventCountry "URU"]
[SourceTitle "CBM 184 Extra"]
[Source "ChessBase"]
[SourceDate "2018.06.28"]
[SourceVersion "1"]
[SourceVersionDate "2018.06.28"]
[SourceQuality "1"]

1. e4 c5 2. Nf3 d6 3. d4 cxd4 4. Qxd4 e5 5. Bb5+ Bd7 6. Bxd7+ Nxd7 7. Qd3 Ngf6 8. Bg5 Be7 9. Nc3 0-0 10. 0-0 a6 11. Rfe1 b5 12. Rad1 b4 13. Bxf6 Nxf6 14. Nd5 Nxd5 15. Qxd5 Rc8 16. Qd3 a5 17. Nd2 Qc7 18. Rc1 Bg5 19. c4 bxc3 20. Rxc3 Qb6 21. Nc4 Rxc4 22. Qxc4 Bd2 23. Rb3 Qd8 24. Rd1 Bb4 25. Rxb4 axb4 26. Qxb4 Qc8 27. Qxd6 1-0

[Event "Montevideo Trebejos Autumn op"]
[Site "Montevideo"]
[Date "2018.03.09"]
[Round "2"]
[White "Roman, Enrique"]
[Black "Guidali, Leonardo"]
[Result "1-0"]
[WhiteElo "1294"]
[BlackElo "1619"]
[PlyCount "87"]
[EventDate "2018.03.07"]
[EventType "swiss"]
[EventRounds "7"]
[EventCountry "URU"]
[SourceTitle "CBM 183 Extra"]
[Source "ChessBase"]
[SourceDate "2018.04.19"]
[SourceVersion "1"]
[SourceVersionDate "2018.04.19"]
[SourceQuality "1"]

1. e4 e5 2. Nf3 Nc6 3. Bb5 a6 4. Ba4 Nf6 5. d3 b5 6. Bb3 Bc5 7. c3 0-0 8. 0-0 d6 9. Bg5 Be6 10. Bc2 h6 11. Bh4 Bg4 12. Nbd2 d5 13. Bxf6 gxf6 14. b4 Bb6 15. h3 Bh5 16. Re1 d4 17. a3 dxc3 18. Nf1 Nd4 19. Ng3 Bxf3 20. gxf3 Nxc2 21. Qxc2 Kh7 22. Nf5 Rg8+ 23. Kh2 Rg6 24. Rg1 Qd7 25. Ra2 Rxg1 26. Kxg1 Rg8+ 27. Kh2 Bd4 28. Qc1 Rg6 29. h4 Qe8 30. f4 Rg4 31. fxe5 Qxe5+ 32. Kh3 Qf4 33. Qxf4 Rxf4 34. Nxd4 f5 35. Nxf5 Rf3+ 36. Kg4 Rxd3 37. Ne3 Kg6 38. h5+ Kf6 39. Kf4 c6 40. e5+ Ke6 41. Ke4 Rd2 42. Rxd2 cxd2 43. f4 f6 44. f5+ 1-0

[Event "Montevideo Duchamp Cup 2nd"]
[Site "Montevideo"]
[Date "2018.02.07"]
[Round "8"]
[White "Pereira, Gerardo"]
[Black "Guidali, Leonardo"]
[Result "0-1"]
[WhiteElo "1341"]
[BlackElo "1638"]
[PlyCount "72"]
[EventDate "2018.02.02"]
[EventType "swiss"]
[EventRounds "9"]
[EventCountry "URU"]
[SourceTitle "CBM 182 Extra"]
[Source "ChessBase"]
[SourceDate "2018.02.23"]
[SourceVersion "1"]
[SourceVersionDate "2018.02.23"]
[SourceQuality "1"]

1. e4 e5 2. Nf3 Nc6 3. Bc4 Bc5 4. c3 Nf6 5. d3 0-0 6. Bb3 d6 7. h3 Be6 8. d4 exd4 9. cxd4 Bb4+ 10. Nc3 Bxb3 11. Qxb3 Nxe4 12. a3 Re8 13. 0-0 Bxc3 14. bxc3 Na5 15. Qd5 c6 16. Qf5 g6 17. Qg4 Nxc3 18. Ng5 h5 19. Qf3 Ne2+ 20. Kh1 f6 21. Ne4 f5 22. Bg5 fxe4 23. Bxd8 exf3 24. Bxa5 fxg2+ 25. Kxg2 Nxd4 26. Rfd1 Nf5 27. Rac1 Re2 28. Bc7 d5 29. Re1 Rxe1 30. Rxe1 Kf7 31. Kf3 Re8 32. Rb1 b6 33. Bf4 Nd4+ 34. Kg2 Re4 35. Bb8 Nb5 36. a4 Rxa4 0-1

[Event "Montevideo Duchamp Cup 2nd"]
[Site "Montevideo"]
[Date "2018.02.05"]
[Round "6"]
[White "Guidali, Leonardo"]
[Black "Fernandez Rodriguez, Antonio"]
[Result "0-1"]
[WhiteElo "1638"]
[BlackElo "1819"]
[PlyCount "64"]
[EventDate "2018.02.02"]
[EventType "swiss"]
[EventRounds "9"]
[EventCountry "URU"]
[SourceTitle "CBM 182 Extra"]
[Source "ChessBase"]
[SourceDate "2018.02.23"]
[SourceVersion "1"]
[SourceVersionDate "2018.02.23"]
[SourceQuality "1"]

1. e4 e6 2. d4 d5 3. Nd2 Nf6 4. e5 Nfd7 5. Bd3 c5 6. c3 Nc6 7. Ne2 cxd4 8. cxd4 Qb6 9. Nf3 f6 10. exf6 Nxf6 11. 0-0 Bd6 12. Re1 0-0 13. a3 e5 14. dxe5 Nxe5 15. Ned4 Bg4 16. b4 Rae8 17. Be3 Qc7 18. Nb5 Nxf3+ 19. gxf3 Bxh2+ 20. Kh1 Qf7 21. fxg4 Bb8 22. Nd4 Qc7 23. f4 Rxe3 24. Rxe3 Qxf4 25. Rh3 Ne4 26. Bxe4 Qxe4+ 27. Kg1 Be5 28. Nf5 g6 29. Nh6+ Kg7 30. Rc1 Bd4+ 31. Kh2 Rf2+ 32. Kg3 Rg2+ 0-1

[Event "Montevideo Trebejos Verano op"]
[Site "Montevideo"]
[Date "2018.01.24"]
[Round "5"]
[White "Estoyanoff, German"]
[Black "Guidali, Leonardo"]
[Result "0-1"]
[WhiteElo "1575"]
[BlackElo "1646"]
[PlyCount "70"]
[EventDate "2018.01.15"]
[EventType "swiss"]
[EventRounds "6"]
[EventCountry "URU"]
[SourceTitle "CBM 182 Extra"]
[Source "ChessBase"]
[SourceDate "2018.02.23"]
[SourceVersion "1"]
[SourceVersionDate "2018.02.23"]
[SourceQuality "1"]

1. e4 e5 2. Bc4 Nc6 3. Nf3 Bc5 4. c3 Nf6 5. d4 exd4 6. cxd4 Bb4+ 7. Bd2 Bxd2+ 8. Nbxd2 d6 9. 0-0 0-0 10. Re1 d5 11. exd5 Nxd5 12. Qb3 Na5 13. Qa3 Nxc4 14. Nxc4 Be6 15. Na5 Qc8 16. Rac1 Nf4 17. Re4 Nd5 18. Nc4 Qd8 19. Ne3 Qf6 20. Ne5 c6 21. N3g4 Bxg4 22. Rxg4 Rad8 23. Re1 a6 24. Nf3 Rfe8 25. Rge4 Rxe4 26. Rxe4 h6 27. h3 Qg6 28. Rg4 Qd6 29. Qa5 Qc7 30. Qd2 Nf6 31. Rh4 Qe7 32. Ne5 Qxe5 33. dxe5 Rxd2 34. exf6 Rxb2 35. Rg4 g6 0-1

[Event "Montevideo Trebejos Verano op"]
[Site "Montevideo"]
[Date "2018.01.19"]
[Round "3"]
[White "Granara Barreto, Sebastian A"]
[Black "Guidali, Leonardo"]
[Result "1-0"]
[WhiteElo "2161"]
[BlackElo "1646"]
[PlyCount "56"]
[EventDate "2018.01.15"]
[EventType "swiss"]
[EventRounds "6"]
[EventCountry "URU"]
[SourceTitle "CBM 182 Extra"]
[Source "ChessBase"]
[SourceDate "2018.02.23"]
[SourceVersion "1"]
[SourceVersionDate "2018.02.23"]
[SourceQuality "1"]

1. c4 Nf6 2. Nc3 e6 3. e3 d5 4. b3 c6 5. Bb2 Bd6 6. Qc2 Nbd7 7. Nf3 0-0 8. d4 Qe7 9. Bd3 dxc4 10. Bxc4 b5 11. Bd3 a6 12. g4 g6 13. g5 Nd5 14. Qe2 Bb4 15. Rc1 Bb7 16. Be4 c5 17. Bxd5 Bxd5 18. e4 cxd4 19. Nxd4 Bb7 20. h4 Nc5 21. 0-0 Bxc3 22. Rxc3 Nxe4 23. Re3 Nxg5 24. hxg5 Qxg5+ 25. Rg3 Qh6 26. Nf3 Rac8 27. Qe5 f5 28. Rh3 Rc5 1-0

[Event "Montevideo Trebejos Verano op"]
[Site "Montevideo"]
[Date "2018.01.15"]
[Round "1"]
[White "Cucchi, Nicolas"]
[Black "Guidali, Leonardo"]
[Result "1-0"]
[WhiteElo "2015"]
[BlackElo "1646"]
[PlyCount "87"]
[EventDate "2018.01.15"]
[EventType "swiss"]
[EventRounds "6"]
[EventCountry "URU"]
[SourceTitle "CBM 182 Extra"]
[Source "ChessBase"]
[SourceDate "2018.02.23"]
[SourceVersion "1"]
[SourceVersionDate "2018.02.23"]
[SourceQuality "1"]

1. d4 d5 2. Bf4 e6 3. e3 Nf6 4. Nf3 Bd6 5. Bg3 Nbd7 6. Nbd2 Ne4 7. Bxd6 Nxd6 8. Bd3 Nf6 9. 0-0 0-0 10. c4 dxc4 11. Nxc4 Nxc4 12. Bxc4 a6 13. Rc1 b5 14. Be2 Bb7 15. a4 c6 16. Ne5 Rc8 17. Nd3 Nd7 18. Bf3 Qb6 19. Qb3 bxa4 20. Qxb6 Nxb6 21. Nc5 Rc7 22. Nxb7 Rxb7 23. Rxc6 Rfb8 24. Rfc1 Kf8 25. g3 Ke7 26. Rc7+ Rxc7 27. Rxc7+ Kf6 28. Bd1 Nd5 29. Ra7 Rxb2 30. Bxa4 Nc3 31. Be8 Rb8 32. Rxf7+ Kg6 33. Rc7+ Rxe8 34. Rxc3 Ra8 35. Ra3 Kf5 36. f3 a5 37. e4+ Kf6 38. Kf2 a4 39. Ke3 Ra5 40. Kd3 h5 41. Kc4 h4 42. Kb4 Ra8 43. Rxa4 Rh8 44. f4 1-0

[Event "Montevideo Trebejos op 10"]
[Site "Montevideo"]
[Date "2017.10.17"]
[Round "4"]
[White "Pena Canapa, Alfredo"]
[Black "Guidali, Leonardo"]
[Result "1-0"]
[WhiteElo "1917"]
[BlackElo "1680"]
[PlyCount "75"]
[EventDate "2017.10.03"]
[EventType "swiss"]
[EventRounds "6"]
[EventCountry "URU"]
[SourceTitle "CBM 181 Extra"]
[Source "ChessBase"]
[SourceDate "2017.12.12"]
[SourceVersion "1"]
[SourceVersionDate "2017.12.12"]
[SourceQuality "1"]

1. d4 d5 2. c4 c6 3. Qc2 Nf6 4. Nf3 e6 5. g3 Bd6 6. Bg2 0-0 7. 0-0 Nbd7 8. Bf4 Bxf4 9. gxf4 Ne4 10. Nc3 f5 11. e3 Rf6 12. b4 Rg6 13. b5 Ndf6 14. cxd5 Nxc3 15. Qxc3 Ne4 16. Qb2 cxd5 17. Rfc1 Bd7 18. Rc2 Rc8 19. Rxc8 Bxc8 20. a4 Nd6 21. Ne5 Rh6 22. Rc1 g5 23. fxg5 Qxg5 24. f4 Qh4 25. Bf3 Qd8 26. Qg2+ Kf8 27. Kh1 Ne8 28. Rg1 Qf6 29. Qg8+ Ke7 30. Rc1 Bd7 31. Qg2 Kd8 32. Qd2 b6 33. a5 Nd6 34. axb6 axb6 35. Qc3 Nxb5 36. Qb2 Qe7 37. Be2 Qa3 38. Qxa3 1-0

[Event "Montevideo La Proa op 1st"]
[Site "Montevideo"]
[Date "2017.10.04"]
[Round "2"]
[White "Guidali, Leonardo"]
[Black "Barcelo Fraixanet, Mario"]
[Result "1/2-1/2"]
[WhiteElo "1698"]
[BlackElo "1530"]
[PlyCount "54"]
[EventDate "2017.09.27"]
[EventType "swiss"]
[EventRounds "5"]
[EventCountry "URU"]
[SourceTitle "EXT 2019"]
[Source "ChessBase"]
[SourceDate "2018.10.10"]
[SourceVersion "1"]
[SourceVersionDate "2018.10.10"]
[SourceQuality "1"]

1. e4 g6 2. d4 Bg7 3. Nf3 c6 4. c3 d5 5. e5 Nh6 6. Bd3 Bf5 7. Nh4 Bxd3 8. Qxd3 e6 9. g3 Nd7 10. 0-0 Qe7 11. Nf3 0-0 12. Bg5 f6 13. exf6 Nxf6 14. Nbd2 Nf7 15. Bh4 Qc7 16. Rfe1 Rae8 17. Ne5 Nxe5 18. dxe5 Ng4 19. f4 Qb6+ 20. Qd4 Qxd4+ 21. cxd4 Nh6 22. Nb3 Nf5 23. Rf1 Nxh4 24. gxh4 Bh6 25. Nc5 Re7 26. Rf2 Bxf4 27. Re1 Bh6 1/2-1/2